000 02170cam a22005054i 4500
003 PE-LiUPU
005 20250731173332.0
008 150625s r 000 0 d
020 _a0830825035
035 _a(Sirsi) i9780830825035
040 _aPE-LiUPU
_bspa
_cPE-LiUPU
_erda
049 _aPRUA
082 0 4 _a220.05
_bAOTC3
_221
100 1 _aKiuchi, Nobuyoshi,
_eautor.
245 1 0 _aLeviticus /
_cNobuyoshi Kiuchi.
264 1 _aIllinois :
_bNobuyoshi Kiuchi,
_c2007.
300 _a538 páginas ;
_c 25 centímetros
336 _atext
_2rdacontent
337 _aunmediated
_2rdamedia
338 _avolume
_2rdacarrier
504 _aIncluye bibliografía.
505 0 _aThe name of the book. -The setting of leviticus. -The modern study of leviticus and its authorship. -The structure of leviticus. -Some distinctive features of Leviticus. -Ritual as symbolic. -Some key themes in Leviticus. -Leviticus and Christians. -A fresh approach to Leviticus.
526 _aSEG42
526 _aSEG41
526 _aSEG40
526 _aSEG39
526 _aP94
526 _aP87
526 _aP86
526 _aP85
526 _aP77
526 _aP76
526 _aP35
541 _g20081126230934D47324;
630 _aBiblia.
_pA.T.
_pLevítico
_xComentarios.
910 _bjv
_cng
942 _2ddc
_cBOOK
949 _a220.05 AOTC 3
_wDEWEY
_c1
_i59822
_lCCODEBUL1
_mBUL
_r0
_sY
_tBOOK
_u2015-6-25
_xTEOLOGIA
_PP35
_0COMPRA
_o.STAFF. Colección General
949 _a220.05 AOTC 3
_wDEWEY
_c2
_i59289
_lCCODEBUL1
_mBUL
_p47.00
_r0
_sY
_tBOOK
_u2015-6-25
_xTEOLOGIA
_PP35
_0COMPRA
_o.STAFF. Colección General
994 _aC0
_bPEPRU
596 _a1
999 _a220.05 AOTC 3
_wDEWEY
_c48076
_i59822
_d48076
_f2021-11-9
_g5
_lCCODEBUL1
_mBUL
_q3
_r0
_sY
_tBOOK
_u2015-6-25
_xTEOLOGIA
_PP35
_0COMPRA
_o.STAFF. Colección General
999 _a220.05 AOTC 3
_wDEWEY
_c2
_i59289
_d2021-12-10
_e2021-4-15
_f2021-12-10
_g5
_lCCODEBUL1
_mBUL
_n1
_p47.00
_q1
_r0
_sY
_tBOOK
_u2015-6-25
_xTEOLOGIA
_PP35
_0COMPRA
_o.STAFF. Colección General
980 _81
_gALBERTO SANCHEZ Responsable de Automatización